| 000 | 00625nam a22001697a 4500 | ||
|---|---|---|---|
| 005 | 20251108175112.0 | ||
| 008 | 250721s2013 xx 000 0 ara d | ||
| 082 | 1 | 4 | _a956/جبو |
| 100 | 1 | _aالجبوري، خالد محمد | |
| 245 | 1 | 0 | _aالاستطلاع ودوره في التاريخ العربي الإسلامي لغاية 23ه-645م: (دراسة تاريخية) / |
| 264 | 1 |
_aعمان : _bالأكاديميون للنشر و التوزيع، _c2013. |
|
| 300 | _a304 ص. | ||
| 650 | 1 | 7 | _aالتاريخ العربي الإسلامي |
| 700 | 1 | _aامين، حسين | |
| 942 |
_2ddc _cBK |
||
| 999 |
_c126206 _d126206 |
||